000 01516nam0a2200385 4500
001 RU\NLR\bibl\1844007
005 20260405185539.0
010 _a978-5-93898-325-0
_95000
021 _aRU
_b2011-91742
_96569
035 _a(NLR Aleph) 001834450
090 _a2184822
_c2184822
100 _a20111206d2011 |||y0rusy50 ca
101 0 _arus
102 _aRU
105 _aa |||||||||
200 1 _aКрещенные крестами
_eзаписки на коленках
_e[мемуары]
_fЭдуард Кочергин
205 _a[2-е изд., доп.]
210 _aСанкт-Петербург
_cВита Нова
_d2011
215 _a285, [1] с.
_cил.
_d22
300 _aВ аннот. авт.: Э. Кочергин жудож., лауреат лит. премии "Нац. бестселлер" (2010)
600 1 _aКочергин
_bЭ.С.
_f1937
_gЭдуард Степанович
_91170646
_3RU\NLR\auth\66469746
607 _aСССР
_jВоспоминания, записки и т.п.
_xИстория
_z1945 - 1991
_92093071
_3RU\NLR\auth\661266691
686 _aЩ143(2Р=Рус)7-8Кочергин
686 _aШ6(2=Р)8-491
686 _aТ3(2)7,013
700 1 _4070
_aКочергин
_bЭ.С.
_f1937-
_gЭдуард Степанович
_3RU\NLR\auth\7781858
_964786
801 0 _aRU
_bNLR
_c20111206
_gRCR
801 1 _aRU
_bNLR
_c20111206
830 _aпо кн.
942 _cBOOK
980 _aNB
980 _aNBR